<?xml version="1.0" encoding="UTF-8"?>
<collection xmlns="http://www.loc.gov/MARC21/slim">
 <record>
  <leader>01128cam a2200217 7i4500</leader>
  <controlfield tag="001">0000122066</controlfield>
  <controlfield tag="005">20140424090000.0</controlfield>
  <controlfield tag="008">140424s2005    my                  eng   </controlfield>
  <datafield tag="020" ind1="#" ind2="0">
   <subfield code="a">9789834084578 </subfield>
  </datafield>
  <datafield tag="020" ind1="#" ind2="0">
   <subfield code="a">9834084579 </subfield>
  </datafield>
  <datafield tag="090" ind1="0" ind2="0">
   <subfield code="a">N 7311 </subfield>
   <subfield code="b">.M4 2005</subfield>
  </datafield>
  <datafield tag="245" ind1="0" ind2="4">
   <subfield code="a">The message &amp; the monsoon : </subfield>
   <subfield code="b">Islamic art of Southeast Asia : </subfield>
   <subfield code="b">Islamic art of Southeast Asia : </subfield>
   <subfield code="b">from the collection of the Islamic Arts Museum Malaysia  </subfield>
   <subfield code="c">[publisher: The Islamic Arts Museum Malaysia ; editor: Lucien de Guise].</subfield>
  </datafield>
  <datafield tag="260" ind1="#" ind2="#">
   <subfield code="a">[Kuala Lumpur]: </subfield>
   <subfield code="b">IAMM Publications, </subfield>
   <subfield code="c">2005.</subfield>
  </datafield>
  <datafield tag="300" ind1="#" ind2="#">
   <subfield code="a">237 p.: </subfield>
   <subfield code="b">ill. (chiefly col.), maps (some col.); </subfield>
   <subfield code="c">30 cm..</subfield>
  </datafield>
  <datafield tag="500" ind1="#" ind2="#">
   <subfield code="a">&quot;This catalogue is published in conjunction with the exhibition &quot;The message &amp; the monsoon&quot;, held at the Islamic Arts Museum Malaysia from the 5th July 2005&quot; -- T.p. verso</subfield>
  </datafield>
  <datafield tag="590" ind1="#" ind2="#">
   <subfield code="a">Pusat Islam, Pendaftar</subfield>
  </datafield>
  <datafield tag="650" ind1="0" ind2="0">
   <subfield code="a">Art, Southeast Asian -- </subfield>
   <subfield code="x">Exhibitions </subfield>
  </datafield>
  <datafield tag="650" ind1="0" ind2="0">
   <subfield code="a">Art -- </subfield>
   <subfield code="x">Exhibitions -- </subfield>
   <subfield code="z">Malaysia -- </subfield>
   <subfield code="z">Kuala Lumpur </subfield>
  </datafield>
  <datafield tag="650" ind1="0" ind2="0">
   <subfield code="a">Islamic art</subfield>
   <subfield code="a">Exhibitions -- </subfield>
   <subfield code="z">Southeast Asia </subfield>
  </datafield>
  <datafield tag="710" ind1="1" ind2="1">
   <subfield code="a">Islamic Art Museum Malaysia </subfield>
  </datafield>
  <datafield tag="999" ind1=" " ind2=" ">
   <subfield code="a">1100091524</subfield>
   <subfield code="b">Book</subfield>
   <subfield code="c">Open Shelf</subfield>
   <subfield code="e">KOLEKSI TERBUKA</subfield>
  </datafield>
 </record>
</collection>
